000 01138cab a22002775a 4500
001 L145646
008 081028e20081025xxka f g 000 0 eng d
035 _a(Sirsi) u145646
041 0 _aeng
100 1 _aBoniface, Dianne
245 0 0 _aLandlords can escape the shadows
260 _c2008
490 _aEstates Gazette
_v(0842) 25 October 2008, 160-161(2)
520 _aArticle looks at the remedies open to landlords to recover rental and administrative income from tenants facing insolvency. Discusses the relevant legislation and highlights the fact the landlord's rights are restricted and that they should be seeking to maximise their rights wherever possible, as well as optimising the options open to them.
590 _aKA
650 2 4 _aINSOLVENCY ACT 1986 (PART 1)
650 2 4 _aINSOLVENCY ACT 2000
650 2 4 _aLANDLORD AND TENANT (COVENANTS) ACT 1995
650 2 4 _aENTERPRISE ACT 2002
650 2 4 _aEXETER CITY COUNCIL V BAIRSTOW
650 2 4 _aTRIBUNALS, COURTS AND ENFORCEMENT ACT 2007
651 4 _aUnited Kingdom
_y
690 _aMANAGEMENT-CORPORATE RECOVERY
700 1 _aFreeman, Simon
942 _n0
999 _c80916
_d80916